01896nam a2200421 a 4500001000200000003000900002005001700011007000300028008003400031020001500065040003000080049000600110082003100116092000600147100003800153245015700191260000600348264009700354300003700451500007100488500007500559504000600634504003100640505022600671590002600897590002600923600005800949650004901007650004601056650004601102700004201148700003701190710005301227910004101280942001201321952012401333999001701457 DO-SdBPM20250623124536.0ta090709s2009 dr 001 0dspa d a9945412191 aDO-SdBPMbspacBPMSUerda a  aRD863.4409bB742p 2008222 a 1 aPichardo Niño, Coronada,d1970-10aJuan Bosch y la canonización de la narrativa dominicana /cCoronada Pichardo Niño ; prólogo Bruno Rosario Candelier ; edición Aida E. Montero M. c  aSanto Domingo :bFundación Global Democracia y Desarrollo :bFundación Juan Bosch,c2008 axxxii, 479 páginas . :b26 cm. aIncluye datos biográfico del autora en la solapa de la cubierta  aIncluye referencias bibliográficas y notas al pie de las páginas  a  aBibliografía: p.439-479.0 aPrólogo / Bruno Rosario Candelier -- Juan Bosch y la canonización de la narrativa dominicana -- La novela dominicana, La Mañosa, Tradición y modernidad -- La cuentistica de Juan Bosch : teoría , praxis y valor.  aInventariado, 2025/VM 6Inventariado, 2025/VM14aBosch, Juand1909-2001xCrítica e interpretación  4aLiteratura dominicanaxHistoria y crítica  4aCuentos dominicanosxHistoria y crítica 4aNovela dominicana xHistoria y crítica 1 aRosario Candelier, Bruno,eprólogo 1 aMontero M., Aida E.,eeditorial 2 aRepública Dominicana.bFundación Juan Bosch  aVMateo V. Control de calidad. BPMSU  2ddccBK 00102ddc708CDaBPMETbBPMETd2021-07-15l0oBPMSU CD RD863.4409 B742p 2008pBPMSU1070001r2021-07-15w2021-07-15yBK c13568d13568